A history of private life

Αποθηκεύτηκε σε:
Λεπτομέρειες βιβλιογραφικής εγγραφής
Άλλοι συγγραφείς: Duby, Georges (Επιμελητής έκδοσης), Ariès, Philippe (Επιμελητής έκδοσης)
Μορφή: Βιβλίο
Γλώσσα:English
French
Δημοσίευση: Cambridge : Belknap Press of Harvard University Press, c1987-1991.
Θέματα:
Ετικέτες: Προσθήκη ετικέτας
Δεν υπάρχουν, Καταχωρήστε ετικέτα πρώτοι!

MARC

LEADER 00000cam a2200000 i 4500
001 1/96641
008 941102m19871991enk| ||| |||| ||eng||
020 |a 0674400011  |q (τ. 2)  
020 |a 067440002X  |q (τ. 3)  
020 |a 0674399781  |q (τ. 4)  
020 |a 067439979X  |q (τ. 5)  
035 |l 10010259 
035 |l 10008794 
035 |l 10008792 
035 |l 10008795 
040 |a GR-MyUa  |b gre  |e AACR2 
041 1 |a eng  |h fre 
082 7 |a 390.009   |2 (22) 
245 0 2 |a A history of private life /   |c Philippe Ariès and Georges Duby, general editors.  
260 |a Cambridge :   |b Belknap Press of Harvard University Press,   |c c1987-1991. 
300 |a 5 τ. :   |b εικ. ;   |c 24 εκ. 
500 |a Τίτλος πρωτοτύπου: Histoire de la vie privée. 
504 |a Βιβλιογραφία: σ. 633-637. Ευρετήριο.  
505 8 |a Τ. 2. Revelations of the medieval world -- τ. 3. Passions of the Renaissance -- τ. 4. From the fires of revolution to the Great War -- τ. 5. Riddles of identity in modern times. 
650 0 |a Manners and customs  |x Anthologies. 
650 0 |a Families  |x History  |x Anthologies. 
650 0 |a Civilization  |x History  |x Anthologies. 
650 0 |a Manners and customs. 
650 0 |a Civilization  |x History. 
650 0 |a Families  |x History. 
651 0 |a Europe  |x Social conditions  |x Anthologies. 
651 0 |a Europe  |x Social conditions. 
700 1 |a Duby, Georges,  |e edt 
700 1 |a Ariès, Philippe,  |e edt 
740 0 |a Revelations of the medieval world.  
740 0 |a Passions of the Renaissance 
740 0 |a From the fires of revolution to the Great War.  
740 0 |a Riddles of identity in modern times.  
765 0 8 |i Μετάφραση του:   |t Histoire de la vie privee /  
852 |a INST  |b LESVOS  |e 20210201  |h 390.009 HIS  |p 005100003518  |q 005100003518  |t BK  |y 0 
852 |a INST  |b LESVOS  |e 20210201  |h 390.009 HIS  |p 005100004052  |q 005100004052  |t BK  |y 0 
852 |a INST  |b LESVOS  |e 19940426  |h 390.009 HIS  |p 005100004053  |q 005100004053  |t BK  |y 0  |z v.3 
852 |a INST  |b LESVOS  |e 20210201  |h 390.009 HIS  |p 005100004054  |q 005100004054  |t BK  |y 0 
852 |a INST  |b LESVOS  |e 20210201  |h 390.009 HIS  |p 005100003518  |q 005100003518  |t BK  |v τ.4:  |y 0 
852 |a INST  |b LESVOS  |e 20210201  |h 390.009 HIS  |p 005100004052  |q 005100004052  |t BK  |v τ.5:  |y 0 
852 |a INST  |b LESVOS  |e 19940426  |h 390.009 HIS  |p 005100004053  |q 005100004053  |t BK  |v τ.3:  |y 0  |z v.3 
852 |a INST  |b LESVOS  |e 20210201  |h 390.009 HIS  |p 005100004054  |q 005100004054  |t BK  |v τ.2:  |y 0 
853 |a INST  |b LESVOS  |h 390.009 HIS